000 01376naa a2200349 c 4500
001 38722
003 ES-MaCES
005 20231206040007.0
008 090416n2009 sp t 000 | spa d
035 _aCES20090001652v
040 _aES-MaCES
_bspa
_cES-MaCES
100 1 _aSánchez Trigueros, Carmen
_923349
245 1 3 _aEl derecho al trabajo en igualdad de oportunidades y la Ley Orgánica para la igualdad efectiva de hombres y mujeres
_cCarmen Sánchez Trigueros, María Areta Martínez
500 _aResumen
610 1 7 _aEspaña
_tLey orgánica para la igualdad efectiva de mujeres y hombres, 2007
_2
_93183
650 4 _aEspaña
_926964
650 4 _adiscriminación por razones de sexo
_929521
650 4 _alegislación del trabajo
_927166
650 4 _aigualdad de oportunidades en el empleo
_930649
650 4 _anegociación colectiva
_928362
650 4 _aEstatuto de los Trabajadores
_930784
650 4 _aprotección social
_929076
650 4 _ahombres
_928655
650 4 _amujeres
_928657
650 4 _aempleo
_928299
653 1 0 _aLegislación
700 1 _aAreta Martínez, María
_96502
773 0 _tRevista española de Derecho del trabajo
_gn. 141 (en.-marzo 2009){10040 R. 073641}; p. 59-114
_w(ES-MaCES)25060
_932384
902 _aART Artículo de revista
942 _2CES
_cAR
_h6.1.
999 _c38722
_d38722